Cities Closest to Hyderabad, India - Statistics

General Stats
  • This quiz has been taken 45 times
  • The average score is 5 of 15
Answer Stats
Distance City % Correct
498 km Bengaluru
80%
504 km Visakhapatnam
78%
504 km Pune
66%
133 km Warangal
63%
251 km Vijayawada
61%
419 km Nagpur
51%
240 km Guntur
34%
366 km Nellore
22%
428 km Aurangabad
17%
397 km Amravati, MH
10%
422 km Hubli/Hubballi
10%
275 km Solapur
10%
226 km Nanded
7%
456 km Belagavi
2%
503 km Jalgaon
2%
No matching quizzes found
Score Distribution
Percent of People with Each Score
Percentile by Number Answered
Your Score History
You have not taken this quiz